| 000 | 00935nam a2200241 a 4500 | ||
|---|---|---|---|
| 001 | 55084 | ||
| 003 | BD-RjUL | ||
| 005 | 20211209080219.0 | ||
| 008 | 161031s1970 bg ||||| |||| 00| p ben d | ||
| 020 | _c: Tk. 4.00 | ||
| 035 | _a(BD-RjUL)55206 | ||
| 040 |
_aBD-RjUL _bben _cBD-RjUL _dBD-RjUL |
||
| 041 | _aben | ||
| 082 |
_223 _a891.44109 _bAHK 1970 |
||
| 100 |
_aআহসান, সৈয়দ আলী _9161269 |
||
| 245 | 1 | 0 |
_aকবি মধুসূদন / _cসৈয়দ আলী আহসান |
| 250 | _aসংশোধিত ও পরিবর্ধিত ২য় সং. | ||
| 260 |
_aঢাকা : _bনওরোজ কিতাবিস্তান, _c১৯৭০ |
||
| 300 |
_a১২৭ পৃ. ; _c২৩ সেমি. |
||
| 650 |
_aবাংলা কবিতা _vইতিহাস ও সমালোচনা _9117724 |
||
| 650 |
_aBengali Poetry _vHistory and Criticism _9117725 |
||
| 942 |
_2ddc _cBK |
||
| 999 |
_c55084 _d55084 |
||